| 000 | 01093 a2200253 4500 | ||
|---|---|---|---|
| 003 | UA-OsUOA | ||
| 005 | 20220318195751.0 | ||
| 008 | 220318b un ||||| |||| 00| 0 ukr d | ||
| 022 | _a24104094 | ||
| 040 |
_aUA-OsUOA _bukr _cUA-OsUOA _dUA-OsUOA |
||
| 041 | _aukr | ||
| 080 | _a82.09(477) | ||
| 090 |
_a82.09(477) _bШ37 |
||
| 110 | _aМіністерство освіти і науки України | ||
| 245 |
_aШевченкознавчі студії _cгол.ред. В. Чернецький _nВип. 1(23) _bзбірник наукових праць |
||
| 260 |
_aК. _bКиївський університет _c2020 |
||
| 300 | _a176 с. | ||
| 650 |
_2UDC _a82 Література. Літературознавство |
||
| 700 | 1 |
_aЧернецький В. _eгол. ред. |
|
| 710 | 1 | _aКиївський національний університет імені Тараса Шевченка | |
| 942 |
_cBK _2udc |
||
| 955 | _a1 | ||
| 999 |
_c572287 _d572287 |
||